| 000 | 00385 a2200157 4500 | ||
|---|---|---|---|
| 001 | 75101 | ||
| 020 | _a8570569769 | ||
| 040 | _cAnchieta - Colégio São Paulo | ||
| 100 | _aHeck, Egon | ||
| 240 | 1 | 0 |
_aPovos índigenas: terra é vida _lpor |
| 245 | 1 | 0 | _aPovos índigenas: terra é vida |
| 300 | _a79 | ||
| 362 | 0 | _a1999 | |
| 650 | 4 | _aHistória geral da América do Sul | |
| 942 | _cBK | ||
| 999 |
_c75101 _d75101 |
||